| 000 | 00481nam a22001937a 4500 | ||
|---|---|---|---|
| 003 | MPLRDC | ||
| 005 | 20220104125509.0 | ||
| 008 | 210129b ||||| |||| 00| 0 eng d | ||
| 020 | _a978-986-7328-35-9 | ||
| 082 | _a225.7 XHSR | ||
| 100 | _a宣化上人 | ||
| 245 |
_a无辜的小鬼 _c |
||
| 250 | _a初版 | ||
| 260 |
_a台湾 _b法界佛教总会中文出版部 _c2008 |
||
| 300 | _b223 | ||
| 490 | _a发聋振瞆: 3 | ||
| 650 | _a佛教修持 | ||
| 942 |
_cBK _o225.7 XHSR |
||
| 999 |
_c27830 _d27820 |
||